=LDR 00000nam 2200000 4500 =001 INLIS000000000032066 =005 20130612134108 =008 ***********************************ind** =035 ##$$0010-061300000032066 =041 ##$$a ind =082 ##$$a 530.03 =090 ##$$a 530.03, Pur e =100 ##$$a Purwanto =245 ##$$a Ensiklopedi Fisika, Purwanto =260 ##$$a 2007 $b Bandung =300 ##$$a 110 hlm., Ilus., 28 cm =650 ##$$a Ensiklopedi =850 ##$$a NBPNMAT